| 000 | 01247cam a22003497a 4500 | ||
|---|---|---|---|
| 003 | CHAP | ||
| 005 | 20220329135449.0 | ||
| 008 | 971013s1972 r 00010 d | ||
| 010 | _a36941 | ||
| 011 | _a37913 | ||
| 035 | _a42033 | ||
| 040 | _cCHAP | ||
| 090 | _aTesis | ||
| 100 | 0 | 0 |
_aParisi Cagliero, Rubén Alberto. _985560 |
| 245 | 0 | _aEstudio del daño de Diatraea saccharalis Fabricius (Lepidoptera : Pyralidae) en relación a la densidad de plantas, nivel de fertilidad e híbridos de maíz, en Argentina | |
| 260 |
_aChapingo, Méx. : _bEl autor, _c1972 |
||
| 300 |
_a118 h. _b: apénd. |
||
| 500 | _ac.4-6 en bodega | ||
| 502 | _aTesis (M.C. Esp. en Entomología) -- ENA. Colegio de Postgraduados. | ||
| 590 |
_aALEPH _b10 _c20130110 _lUCH01 _h1302 |
||
| 590 |
_aBATCH-UPD _b10 _c20130110 _lUCH01 _h1245 |
||
| 590 |
_aBATCH-UPD _b10 _c20130410 _lUCH01 _h0809 |
||
| 590 |
_aBATCH-UPD _b10 _c20130914 _lUCH01 _h1201 |
||
| 590 |
_aCONVERSION _b10 _c20130109 _lUCH01 _h1321 |
||
| 650 | 1 | 4 |
_aDiatraea saccharalis. _932432 |
| 650 | 1 | 4 |
_aMaíz _xHíbridos. _970974 |
| 901 | _aBK | ||
| 942 | _cFOLL | ||
| 949 |
_bBC _cTES _d-96547 _eTS1 _i42033 _si |
||
| 949 |
_bBC _cTES _d-96548 _eTS2 _fc.2 _i42033 _si |
||
| 949 |
_bBC _cTES _d-96549 _eTS2 _fc.3 _i42033 _si |
||
| 999 |
_c36941 _d36941 |
||